<?xml version="1.0" encoding="UTF-8"?>
<record
    xmlns:xsi="http://www.w3.org/2001/XMLSchema-instance"
    xsi:schemaLocation="http://www.loc.gov/MARC21/slim http://www.loc.gov/standards/marcxml/schema/MARC21slim.xsd"
    xmlns="http://www.loc.gov/MARC21/slim">

  <leader>02602aam a2200469 i 4500</leader>
  <controlfield tag="001">889752</controlfield>
  <controlfield tag="003">CO-MdUADB</controlfield>
  <controlfield tag="005">20240702092005.0</controlfield>
  <controlfield tag="007">ta</controlfield>
  <controlfield tag="008">040910t19991991sp d|||gr||||   1 |dspa d</controlfield>
  <datafield tag="020" ind1=" " ind2=" ">
    <subfield code="a">8420629472</subfield>
    <subfield code="q">ISBN-10</subfield>
  </datafield>
  <datafield tag="020" ind1=" " ind2=" ">
    <subfield code="a">9788420629476</subfield>
    <subfield code="q">ISBN-13</subfield>
  </datafield>
  <datafield tag="035" ind1=" " ind2=" ">
    <subfield code="a">889752</subfield>
  </datafield>
  <datafield tag="040" ind1=" " ind2=" ">
    <subfield code="a">CO-MdUADB</subfield>
    <subfield code="b">spa</subfield>
    <subfield code="c">CO-MdUADB</subfield>
    <subfield code="e">rda</subfield>
  </datafield>
  <datafield tag="041" ind1="1" ind2=" ">
    <subfield code="a">spa</subfield>
    <subfield code="h">ita</subfield>
  </datafield>
  <datafield tag="082" ind1="7" ind2="4">
    <subfield code="a">300</subfield>
  </datafield>
  <datafield tag="100" ind1="1" ind2=" ">
    <subfield code="a">Sartori, Giovanni,</subfield>
    <subfield code="d">1924-2017</subfield>
    <subfield code="e">com</subfield>
    <subfield code="e">wpr</subfield>
    <subfield code="9">316902</subfield>
  </datafield>
  <datafield tag="245" ind1="1" ind2="3">
    <subfield code="a">La comparaci&#xF3;n en las ciencias sociales</subfield>
  </datafield>
  <datafield tag="246" ind1="1" ind2="1">
    <subfield code="a">Comparazione nelle scienze sociali</subfield>
  </datafield>
  <datafield tag="250" ind1=" " ind2=" ">
    <subfield code="a">Primera edici&#xF3;n</subfield>
  </datafield>
  <datafield tag="264" ind1=" " ind2="1">
    <subfield code="a">Madrid :</subfield>
    <subfield code="b">Alianza Editorial,</subfield>
    <subfield code="c">1999</subfield>
  </datafield>
  <datafield tag="264" ind1=" " ind2="4">
    <subfield code="c">1991</subfield>
  </datafield>
  <datafield tag="300" ind1=" " ind2=" ">
    <subfield code="a">177 p&#xE1;ginas :</subfield>
    <subfield code="b">gr&#xE1;ficas (blanco y negro)</subfield>
  </datafield>
  <datafield tag="336" ind1=" " ind2=" ">
    <subfield code="2">rdacontent</subfield>
    <subfield code="a">texto</subfield>
    <subfield code="b">txt</subfield>
  </datafield>
  <datafield tag="337" ind1=" " ind2=" ">
    <subfield code="a">no mediado</subfield>
  </datafield>
  <datafield tag="338" ind1=" " ind2=" ">
    <subfield code="a">volumen</subfield>
  </datafield>
  <datafield tag="490" ind1="1" ind2=" ">
    <subfield code="a">Ciencias Sociales : Ensayo ;</subfield>
    <subfield code="v">153</subfield>
  </datafield>
  <datafield tag="490" ind1="1" ind2=" ">
    <subfield code="a">El Libro Universitario</subfield>
  </datafield>
  <datafield tag="500" ind1=" " ind2=" ">
    <subfield code="a">Incluye &#xED;ndice.</subfield>
  </datafield>
  <datafield tag="505" ind1="2" ind2="0">
    <subfield code="t">Problemas y opciones en la comparaci&#xF3;n /</subfield>
    <subfield code="r">Leonardo Morlino. --</subfield>
    <subfield code="t">Comparaci&#xF3;n y m&#xE9;todo comparativo /</subfield>
    <subfield code="r">Giovanni Sartori. --</subfield>
    <subfield code="t">El m&#xE9;todo comparativo: dos d&#xE9;cadas de cambios /</subfield>
    <subfield code="r">David Collier. --</subfield>
    <subfield code="t">Comparaci&#xF3;n y explicaci&#xF3;n /</subfield>
    <subfield code="r">Angelo Panebianco. --</subfield>
    <subfield code="t">Tiempo e investigaci&#xF3;n comparativa /</subfield>
    <subfield code="r">Stefano Bartolini. --</subfield>
    <subfield code="t">La comparaci&#xF3;n y el estado de bienestar: &#xBF;un caso de &#xE9;xito? /</subfield>
    <subfield code="r">Maurizio Ferrera.</subfield>
  </datafield>
  <datafield tag="520" ind1="3" ind2=" ">
    <subfield code="a">Rese&#xF1;a : &#xBF;Cu&#xE1;les son los tipos de comparaci&#xF3;n m&#xE1;s f&#xE9;rtiles? &#xBF;Cu&#xE1;les son los pasos y opciones de quien recurre a la comparaci&#xF3;n para comprender mejor la propia realidad social y pol&#xED;tica? &#xBF;Qu&#xE9; problemas surgen en el an&#xE1;lisis comparativo de la historia? &#xBF;En qu&#xE9; sectores ha dado la comparaci&#xF3;n mejores resultados? &#xBF;Qu&#xE9; significa &lt;explicar&gt; cuando se compara? A estas y otras preguntas responden los autores del presente volumen -G. Sartori y L. Morlino (eds.), D. Collier, A. Panebianco, S. Bartolini y M. Ferrara, dirigi&#xE9;ndose a los estudiantes y analistas de todas las disciplinas sociales. (Tomado de la cubierta trasera del libro).</subfield>
  </datafield>
  <datafield tag="650" ind1=" " ind2="7">
    <subfield code="a">Ciencias sociales</subfield>
    <subfield code="2">embne</subfield>
    <subfield code="9">2064</subfield>
  </datafield>
  <datafield tag="650" ind1=" " ind2="7">
    <subfield code="a">Investigaci&#xF3;n social</subfield>
    <subfield code="9">2355</subfield>
    <subfield code="2">lemb</subfield>
  </datafield>
  <datafield tag="650" ind1=" " ind2="7">
    <subfield code="a">Metodolog&#xED;a cient&#xED;fica</subfield>
    <subfield code="9">41814</subfield>
    <subfield code="2">lemb</subfield>
  </datafield>
  <datafield tag="700" ind1="1" ind2=" ">
    <subfield code="a">Morlino, Leonardo,</subfield>
    <subfield code="d">1947-</subfield>
    <subfield code="0">(isni)0000 0001 1577 5149</subfield>
    <subfield code="0">(viaf)90149341</subfield>
    <subfield code="e">com</subfield>
    <subfield code="e">wpr</subfield>
    <subfield code="e">win</subfield>
    <subfield code="9">398252</subfield>
  </datafield>
  <datafield tag="700" ind1="1" ind2=" ">
    <subfield code="a">Russo, Juan</subfield>
    <subfield code="e">trl</subfield>
    <subfield code="9">302439</subfield>
  </datafield>
  <datafield tag="700" ind1="1" ind2=" ">
    <subfield code="a">Ruiz de Az&#xFA;a, Miguel Angel</subfield>
    <subfield code="e">trl</subfield>
    <subfield code="9">519096</subfield>
  </datafield>
  <datafield tag="700" ind1="1" ind2="0">
    <subfield code="e">com</subfield>
    <subfield code="e">com</subfield>
    <subfield code="e">com</subfield>
  </datafield>
  <datafield tag="830" ind1=" " ind2="0">
    <subfield code="a">Ciencias Sociales : Ensayo (Alianza Editorial)</subfield>
    <subfield code="9">865099</subfield>
    <subfield code="v">153</subfield>
  </datafield>
  <datafield tag="830" ind1=" " ind2="3">
    <subfield code="a">El Libro Universitario (Alianza Editorial)</subfield>
    <subfield code="9">865100</subfield>
  </datafield>
  <datafield tag="942" ind1=" " ind2=" ">
    <subfield code="c">BOOK</subfield>
    <subfield code="2">ddc</subfield>
  </datafield>
  <datafield tag="999" ind1=" " ind2=" ">
    <subfield code="c">325913</subfield>
    <subfield code="d">325913</subfield>
  </datafield>
  <datafield tag="952" ind1=" " ind2=" ">
    <subfield code="0">0</subfield>
    <subfield code="1">0</subfield>
    <subfield code="2">ddc</subfield>
    <subfield code="4">0</subfield>
    <subfield code="7">0</subfield>
    <subfield code="8">GEN</subfield>
    <subfield code="a">BC</subfield>
    <subfield code="b">BC</subfield>
    <subfield code="d">2023-06-29</subfield>
    <subfield code="e">Material adquirido por donaci&#xF3;n</subfield>
    <subfield code="f">DONA</subfield>
    <subfield code="g">19000.00</subfield>
    <subfield code="l">0</subfield>
    <subfield code="o">300 S251 e2</subfield>
    <subfield code="p">01106136</subfield>
    <subfield code="r">2024-07-09 00:00:00</subfield>
    <subfield code="w">2024-01-25</subfield>
    <subfield code="y">BOOK</subfield>
  </datafield>
</record>
